Dávky v nezaměstnanosti Sociální finance. 11

Zabezpečenie v nezamestnanosti. Odstupné. Podpora v nezamestnanosti. Pomoc v nezamestnanosti. Dávky v nezamestnanosti v krajinách EÚ v r. 1991. Chudoba a povinná spoluúčasť na dávkach.

Salvato in:
Dettagli Bibliografici
Autore principale: Vostatek, Jaroslav
Natura: Capitolo di libro
Lingua:ceco
Soggetti:
Tags: Aggiungi Tag
Nessun Tag, puoi essere il primo ad aggiungerne!!

MARC

LEADER 00000naa a2200000 4500
001 r026370
005 20230920094107.5
041 0 |a cze 
044 |a CZ 
245 1 0 |a Dávky v nezaměstnanosti  |b Sociální finance. 11  |c J. Vostatek 
520 |a Zabezpečenie v nezamestnanosti. Odstupné. Podpora v nezamestnanosti. Pomoc v nezamestnanosti. Dávky v nezamestnanosti v krajinách EÚ v r. 1991. Chudoba a povinná spoluúčasť na dávkach. 
610 2 0 |a nezamestnanosť 
610 2 0 |a podpory v nezamestnanosti 
610 2 0 |a Európska únia 
610 2 0 |a 1991 
100 1 |a Vostatek, Jaroslav